| 000 | 02134nam0a2200361 4500 | ||
|---|---|---|---|
| 001 | RU\NLR\BIBL_A\012556251 | ||
| 005 | 20210804110042.0 | ||
| 010 |
_a978-5-04-118650-0 _91500 |
||
| 021 |
_aRU _bКН-П-21-012031 _9КН-П-21-0980 |
||
| 035 | _a(NLR Aleph) 012556251 | ||
| 090 |
_a12446600 _c12446600 |
||
| 100 | _a20210701d2021 u y0rusy50 ca | ||
| 101 | 0 | _arus | |
| 102 | _aRU | ||
| 105 | _aa|||n|||000zy | ||
| 181 | 0 |
_ai _baxxe |
|
| 182 | 0 | _an | |
| 200 | 1 |
_aБюджетный кодекс Российской Федерации _e[31 июля 1998 года № 145-ФЗ _eпринят Государственной Думой 17 июля 1998 года _eодобрен Советом Федерации 17 июля 1998 года _e(в ред. Федеральных законов от 05.08.2000 № 116-ФЗ ... от 22.12.2020 № 448-ФЗ, с изм., внесенными Федеральными законами от 31.12.1999 № 227-ФЗ ... от 12.11.2019 № 367-ФЗ (ред. 25.05.2020), Постановлениями Конституционного Суда РФ от 17.06.2004 № 12-П, от 22.06.2009 № 10-П)] _eтекст с изменениями и дополнениями на 2021 год |
|
| 203 |
_aТекст _bвизуальный _cнепосредственный |
||
| 205 | _a[Офиц. изд.] | ||
| 210 |
_aМосква _cЭксмо _d2021 |
||
| 215 |
_a382, [2] с. _cил. _d20 |
||
| 225 | 1 | _aЗаконы и кодексы | |
| 300 | _aЗагл. корешка: Бюджетный кодекс | ||
| 516 | 1 | _aБюджетный кодекс | |
| 604 |
_171001$aРоссийская Федерация _1500##$aБюджетный кодекс$2nlr_sh2$3RU\NLR\AUTH\661262431 _aРоссийская Федерация _tБюджетный кодекс _92086299 _3RU\NLR\AUTH\661262431 |
||
| 686 | 1 | _aХ622.1-324.9(2Р) | |
| 740 | 1 |
_aРоссийская Федерация _iБюджетный кодекс _tЗаконы _9425377 _3RU\NLR\AUTH\880379494 |
|
| 942 | _cBOOK | ||
| 980 | _aNB | ||